00476cam a2200181ua 45000010005000000080039000050200018000440400009000620410008000710820012000791000029000912450058001202500009001782600033001873000010002206530042002306530022002727564141217n ii |||gr||||Z||||||asm a9789382283713 cMAIN aasm a491.451 aBaruah, A. Kr.,eAuthor. aAsamar bhasa aru lipir parichaycBy Anup Kumar Baruah a1st. aDibrugarh:bKaustabh,c2014. a175p. aEast Indo-European & Celtic languages aAssamese language